000 00566nam a2200193Ia 4500
008 151119s9999||||xx |||||||||||||| ||und||
082 _a891.463
082 _bGKKV16865
100 _aआपटे हरीनारायण
245 _aमायेचा बाजार
260 _a--
260 _b--
260 _c1973
600 _aआपटे हरीनारायण
630 _aमायेचा बाजार
700 _aआपटे हरीनारायण
730 _aमायेचा बाजार
942 _cBOOK
999 _c1070101
_d1070098